Historical investigations.

Bibliographic Details
Format: Book
Language:English
Published: New York : Paulist Press, [1966]
Series:Concilium (Glen Rock, N.J.) ; v. 17.
Subjects:

MARC

Tag First Indicator Second Indicator Subfields
LEADER 00000cam a22000001 4500
001 in00001237797
005 20151003071921.0
008 740801s1966 nyu b 000 0 eng
010 |a  66029260  
035 |a (OCoLC)00769648 
035 |9 AGT5428AM 
040 |a DLC  |c DLC  |d TXA  |d UtOrBLW 
049 |a TXAM 
050 0 0 |a BR155  |b .H5 
082 0 0 |a 270.08 
090 |a BR155  |b .H57 1966 
245 0 0 |a Historical investigations. 
264 1 |a New York :  |b Paulist Press,  |c [1966] 
264 4 |c [©1966] 
300 |a viii, 184 pages ;  |c 24 cm. 
336 |a text  |b txt  |2 rdacontent 
337 |a unmediated  |b n  |2 rdamedia 
338 |a volume  |b nc  |2 rdacarrier 
490 1 |a Concilium. Church history ;  |v v. 17 
504 |a Includes bibliographical references. 
650 0 |a Church history. 
830 0 |a Concilium (Glen Rock, N.J.) ;  |v v. 17. 
999 |a MARS 
999 f f |s 98628c57-44d9-37da-a274-fcee3b692e7b  |i 416e8beb-6c3e-3b02-977a-0477d24690f8  |t 0 
952 f f |p ric  |a Texas A&M University  |b Rellis Campus  |c Joint Library Facility  |d Remote Storage  |t 0  |e BR155 .H57 1966  |h Library of Congress classification  |i unmediated -- volume  |m A14819285339 
998 f f |a BR155 .H57 1966  |t 0  |l Remote Storage